000 00704nam a2200217Ia 4500
001 5063
003 GE_BSU
008 181216s||||||||xx |||||||||||||| ||und||
040 _cGE_BSU
080 _a693(075.8)
100 _aСтефанов,Б.В.
245 _aТехнология бетонных и железобетонных изделии.
245 _bУчебник.
245 _cРед. К.В.Бергер.
260 _aКиев.
260 _bБудiвельник.
260 _c1965.
300 _a389 стр. с илл. 22 см. Библиогр.: стр. 383-388.
653 _aТехнология бетонных и железобетонных изделии.
942 _cBK
999 _c38746
_d38746